|
|
|
|
| LEADER |
00000nas a2200000 i 4500 |
| 001 |
ssj0000686517 |
| 003 |
WaSeSS |
| 005 |
20200512172242.0 |
| 006 |
m d |
| 007 |
cr n |
| 008 |
110509c20099999nz ar s 0 0eng c |
| 010 |
|
|
|a 2012247800
|
| 016 |
7 |
|
|a 2587460-3
|2 DE-600
|
| 016 |
7 |
|
|a 101587774
|2 DNLM
|
| 022 |
|
|
|a 1179-2744
|l 1179-2744
|
| 035 |
|
|
|a (WaSeSS)ssj0000686517
|
| 040 |
|
|
|a AU@
|b eng
|c AU@
|d OCLCQ
|d OCLCO
|d PFM
|d NZ1
|d HEBIS
|d CUS
|d OCLCF
|d CUS
|d OCLCQ
|d EUW
|d NLM
|d OCLCQ
|d OCLCO
|d OCLCA
|d WT2
|d OCLCQ
|d TXA
|d CASUM
|d LND
|d OCL
|d OCLCO
|d OCLCQ
|d AU@
|d OCLCQ
|d WaSeSS
|
| 042 |
|
|
|a pcc
|
| 050 |
1 |
4 |
|a RE725
|b .E94
|
| 060 |
0 |
0 |
|a W1
|
| 210 |
1 |
0 |
|a Eye Brain
|2 dnlm
|
| 210 |
0 |
|
|a Eye brain
|
| 222 |
|
0 |
|a Eye and brain
|
| 245 |
0 |
0 |
|a Eye and brain
|h [electronic resource].
|
| 260 |
|
|
|a Auckland, N.Z. :
|b Dove Medical Press,
|c [2009]-
|
| 310 |
|
|
|a Annual
|
| 362 |
1 |
|
|a Began with: 2009:1.
|
| 506 |
|
|
|a License restrictions may limit access.
|
| 515 |
|
|
|a Articles added irregularly and collected into annual vols.
|
| 525 |
|
|
|a Some issues have supplements.
|
| 588 |
0 |
|
|a 2009:1; title from PDF article running title (publisher's Web site, viewed December 7, 2012).
|
| 588 |
1 |
|
|a 2017:9 (publisher's Web site, viewed November 28, 2017).
|
| 650 |
|
0 |
|a Neuroophthalmology
|v Periodicals.
|
| 650 |
1 |
2 |
|a Eye Diseases.
|
| 650 |
2 |
2 |
|a Brain Diseases.
|
| 650 |
2 |
2 |
|a Ocular Physiological Phenomena.
|
| 650 |
|
7 |
|a Neuroophthalmology.
|2 fast
|0 (OCoLC)fst01036445
|
| 655 |
|
0 |
|a Electronic journals.
|
| 856 |
4 |
0 |
|z Full text available from Research Library: 01/01/2009 to present
|u https://search.proquest.com/publication/3933164
|